The Hilbert-Huang transform in engineering / (Record no. 217086)
[ view plain ]
| 000 -LEADER | |
|---|---|
| fixed length control field | 01964 a2200241 4500 |
| 003 - CONTROL NUMBER IDENTIFIER | |
| control field | Nust |
| 005 - DATE AND TIME OF LATEST TRANSACTION | |
| control field | 20220802121652.0 |
| 010 ## - LIBRARY OF CONGRESS CONTROL NUMBER | |
| LC control number | 2005041372 |
| 020 ## - INTERNATIONAL STANDARD BOOK NUMBER | |
| International Standard Book Number | 0849334225 (hc : alk. paper) |
| 040 ## - CATALOGING SOURCE | |
| Transcribing agency | Nust |
| 082 00 - DEWEY DECIMAL CLASSIFICATION NUMBER | |
| Classification number | 620.00151,HIL |
| 245 04 - TITLE STATEMENT | |
| Title | The Hilbert-Huang transform in engineering / |
| Statement of responsibility, etc. | edited by Norden Huang, Nii O. Attoh-Okine. |
| 260 ## - PUBLICATION, DISTRIBUTION, ETC. | |
| Place of publication, distribution, etc. | New York : |
| Name of publisher, distributor, etc. | Taylor & Francis, |
| Date of publication, distribution, etc. | 2005. |
| 300 ## - PHYSICAL DESCRIPTION | |
| Extent | 313 p. : |
| Other physical details | ill. (some col.) ; |
| Dimensions | 24 cm. |
| 505 ## - FORMATTED CONTENTS NOTE | |
| Formatted contents note | Introduction to Hilbert-Huang Transform and Some Recent Developments (Page-1), Carrier and Riding Wave Structure of Rogue Waves (Page-25), Applications of Hilbert-Huang Transform to Ocean-Atmosphere Remote Sensing Research (Page-59), A Comparison of the Energy Flux Computation of Shoaling Waves Using Hilbert and Wavelet Spectral Analysis Techniques (Page-83), An Application of HHT Method to Nearshore Sea Waves (Page-97), Transient Signal Detection Using the Empirical Mode Decomposition (Page-121), Coherent Structures Analysis in Turbulent Open Channel Flow Using Hilbert-Huang and Wavelets Transforms (Page-141), An HHT-Based Approach to Quantify Nonlinear Soil Amplification and Damping (Page-159), Simulation of Nonstationary Random Processes Using Instantaneous Frequency and Amplitude from Hilbert-Huang Transform (Page-191), Comparison of Hilbert-Huang, Wavelet, and Fourier Transforms for Selected Applications (Page-213), The Analysis of Molecular Dynamics Simulations by the Hilbert Huang Transform (Page-245), Decomposition of Wave Groups with EMD Method (Page-267), Perspectives on the Theory and Practices of the Hilbert-Huang Transform (Page-281), |
| 650 #0 - SUBJECT ADDED ENTRY--TOPICAL TERM | |
| Topical term or geographic name entry element | Engineering mathematics. |
| 650 #0 - SUBJECT ADDED ENTRY--TOPICAL TERM | |
| Topical term or geographic name entry element | Hilbert-Huang transform. |
| 9 (RLIN) | 96240 |
| 650 #0 - SUBJECT ADDED ENTRY--TOPICAL TERM | |
| Topical term or geographic name entry element | Signal processing. |
| 700 1# - ADDED ENTRY--PERSONAL NAME | |
| Personal name | Attoh-Okine, Nii O. |
| 9 (RLIN) | 96241 |
| 700 1# - ADDED ENTRY--PERSONAL NAME | |
| Personal name | Huang, Norden E. |
| Dates associated with a name | 1937- |
| 9 (RLIN) | 96242 |
| 856 42 - ELECTRONIC LOCATION AND ACCESS | |
| Materials specified | Publisher description |
| Uniform Resource Identifier | <a href="http://www.loc.gov/catdir/enhancements/fy0648/2005041372-d.html">http://www.loc.gov/catdir/enhancements/fy0648/2005041372-d.html</a> |
| 942 ## - ADDED ENTRY ELEMENTS (KOHA) | |
| Koha item type | Reference |
| Source of classification or shelving scheme | |
| Withdrawn status | Lost status | Source of classification or shelving scheme | Damaged status | Not for loan | Permanent Location | Current Location | Shelving location | Date acquired | Full call number | Barcode | Date last seen | Price effective from | Koha item type | Public note |
|---|---|---|---|---|---|---|---|---|---|---|---|---|---|---|
| Military College of Signals (MCS) | Military College of Signals (MCS) | Reference | 12/12/2016 | 620.00151,HIL | MCS32463 | 12/08/2016 | 12/12/2016 | Reference | Almirah No.20, Shelf No.1 |
